000 00410pab a2200145 454500
008 180718b2015 xxu||||| |||| 00| 0 eng d
100 _aSangwan, Sher Singh
245 _aMore credit for agricultural households? NSSO's 70th round on indebtedness
260 _c2015
300 _ap.23-24.
362 _a18 Apr
650 _aAgricultural credit
773 _aEconomic and Political Weekly
909 _a107464
999 _c107459
_d107459